000 00596nam a2200181 i 4500
001 27112
003 ES-MaACL
005 20230906153548.0
007 t|
008 030113s1971 sp ||||1| spa d
080 _a336.12:352(460.353)
110 1 _aSevilla.
_bAyuntamiento.
_91391
245 1 0 _aPresupuesto ordinario y los especiales de urbanismo, transportes urbanos y aguas /
_cAyuntamiento de Sevilla.
260 _aSevilla :
_b[Ayuntamento de Sevilla,
_c1971] (
_fImp. Municipal)
300 _a220 p. ;
_c28 cm.
650 4 _aPresupuestos-
_zSevilla.
_9174534
852 4 _aES-MaACL
_jC-41441
999 _c27112
_d27112